000 00505cam a2200205 4500
008 090401t1987 xxu||||| |||| 00| 0 eng d
020 _a0070849854
035 _a(Sirsi) u36648
041 _aeng
050 _a808.066
100 _aVan Emden, Joan
245 _aReport writing
260 _aLondon
_bMcGraw-Hill Book Company (UK) Limited
_c1987
300 _aix, 112p. ; 23cm.
350 _a0
650 _aSPECIMEN REPORTS
700 _aEasteal, Jennifer
942 _n0
948 _c04/03/1997
999 _c90356
_d90356